000 01059nam a2200289 i 4500
003 DO-SdBNP
005 20250604114812.0
007 ta
008 250604b2024 dr ||||| |||| 00| 0 spa d
020 _a9789945223712
040 _aDO-SdBNP
_bspa
_cBNPHU
_erda
041 _aspa
082 4 _axxx
_bH557n
_222
100 _aHernández Leonardo, Dionicio
_eautor
_4aut.
_965483
245 1 0 _aNotas culturales :
_buna cápsula de conocimiento para cada día del año /
_cDionicio Hernández Leonardo ; diseño de cubierta y diagramación Jesús Alberto de la Cruz.
250 _aPrimera edición
264 4 _aSanto Domingo, República Dominicana
_bEditora Búho,
_c©2025.
300 _avolumen ;
_c22 cm.
336 _atexto
_btxt
_2rdacontent
337 _asin mediación
_bn
_2rdamedia
338 _avolumen
_bnc
_2rdacarrier
500 _aIncluye datos biográficos del autor en la solapa de la cubierta
590 _aInventariado, 2025 /LP
700 1 _a Cruz, Jesús Alberto de la,
_ediagramador
_4di.
_976790
910 _aPérez
942 _2ddc
_cLBS1
999 _c59141
_d59141